Normal view
MARC view
- Mailyan, Dmitry/ Husein ALZGOOL
Entry Personal Name
001 - CONTROL NUMBER
- control field: 5123
003 - CONTROL NUMBER IDENTIFIER
- control field: JO-AjAnu
005 - DATE AND TIME OF LATEST TRANSACTION
- control field: 20230606071131.0
008 - FIXED-LENGTH DATA ELEMENTS
- fixed length control field: 230606|| aca||aabn | a|a d
040 ## - CATALOGING SOURCE
- Original cataloging agency: JO-AjAnu
- Transcribing agency: JO-AjAnu
100 ## - HEADING--PERSONAL NAME
- Personal name: Mailyan, Dmitry/ Husein ALZGOOL
670 ## - SOURCE DATA FOUND
- Source citation: Work cat.: (JO-AjAnu)2647: Mailyan, Dmitry/ Husein ALZGOOL, author, Concrete and Reinforced Concrete Strucures